Software engineering / (Record no. 526949)

000 -LEADER
fixed length control field 02293cam a22003737i 4500
001 - CONTROL NUMBER
control field 18750807
003 - CONTROL NUMBER IDENTIFIER
control field NUST
005 - DATE AND TIME OF LATEST TRANSACTION
control field 20190720091146.0
008 - FIXED-LENGTH DATA ELEMENTS--GENERAL INFORMATION
fixed length control field 150819s2016 maua b 001 0 eng d
010 ## - LIBRARY OF CONGRESS CONTROL NUMBER
LC control number 2015458056
020 ## - INTERNATIONAL STANDARD BOOK NUMBER
International Standard Book Number 0133943038
020 ## - INTERNATIONAL STANDARD BOOK NUMBER
International Standard Book Number 9780133943030
035 ## - SYSTEM CONTROL NUMBER
System control number (OCoLC)ocn907941065
038 ## - RECORD CONTENT LICENSOR
Staff Name Arshad
040 ## - CATALOGING SOURCE
Original cataloging agency YDXCP
Language of cataloging eng
Description conventions rda
Transcribing agency YDXCP
Modifying agency OCLCQ
-- HF9
-- OCLCO
-- CDX
-- UAB
-- DLC
042 ## - AUTHENTICATION CODE
Authentication code lccopycat
050 00 - LIBRARY OF CONGRESS CALL NUMBER
Classification number QA76.758
Item number .S657 2016
082 04 - DEWEY DECIMAL CLASSIFICATION NUMBER
Classification number 005.1
Author Mark SOM
100 1# - MAIN ENTRY--PERSONAL NAME
Personal name Sommerville, Ian,
Dates associated with a name 1951-
9 (RLIN) 17955
245 10 - TITLE STATEMENT
Title Software engineering /
Statement of responsibility, etc. Ian Sommerville.
250 ## - EDITION STATEMENT
Edition statement Tenth edition.
264 #1 - PRODUCTION, PUBLICATION, DISTRIBUTION, MANUFACTURE, AND COPYRIGHT NOTICE
Place of production, publication, distribution, manufacture New Delhi :
Name of producer, publisher, distributor, manufacturer Pearson,
Date of production, publication, distribution, manufacture, or copyright notice 2017.
300 ## - PHYSICAL DESCRIPTION
Extent xiv, 796 pages :
Other physical details illustrations ;
Dimensions 24 cm
336 ## - CONTENT TYPE
Content type term text
Content type code txt
Source rdacontent
337 ## - MEDIA TYPE
Media type term unmediated
Media type code n
Source rdamedia
338 ## - CARRIER TYPE
Carrier type term volume
Carrier type code nc
Source rdacarrier
504 ## - BIBLIOGRAPHY, ETC. NOTE
Bibliography, etc. note Includes bibliographical references and indexes.
505 0# - FORMATTED CONTENTS NOTE
Formatted contents note lntroduction to software engineering -- Dependability and security -- Advanced software engineering -- Software management.
520 ## - SUMMARY, ETC.
Summary, etc. For courses in computer science and software engineering The Fundamental Practice of Software Engineering Software Engineering introduces readers to the overwhelmingly important subject of software programming and development. In the past few years, computer systems have come to dominate not just our technological growth, but the foundations of our world's major industries. This text seeks to lay out the fundamental concepts of this huge and continually growing subject area in a clear and comprehensive manner. The Tenth Edition contains new information that highlights various technological updates of recent years, providing readers with highly relevant and current information. Sommerville's experience in system dependability and systems engineering guides the text through a traditional plan-based approach that incorporates some novel agile methods. The text strives to teach the innovators of tomorrow how to create software that will make our world a better, safer, and more advanced place to live. -- Provided by publisher.
650 #0 - SUBJECT ADDED ENTRY--TOPICAL TERM
Topical term or geographic name entry element Software engineering.
9 (RLIN) 2256
906 ## - LOCAL DATA ELEMENT F, LDF (RLIN)
a 7
b cbc
c copycat
d 3
e ncip
f 20
g y-gencatlg
942 ## - ADDED ENTRY ELEMENTS (KOHA)
Source of classification or shelving scheme
Koha item type Book
Holdings
Withdrawn status Lost status Source of classification or shelving scheme Damaged status Not for loan Permanent Location Current Location Shelving location Date acquired Source of acquisition Cost, normal purchase price Total Checkouts Full call number Barcode Date last seen Copy number Price effective from Koha item type Total Renewals Checked out Date last checked out
          Central Library (CL) Central Library (CL)   06/16/2020 Allied Book Company   2 005.1 SOM CL-365 01/12/2026   06/16/2020 Book 3 05/12/2026 01/12/2026
          Central Library (CL) Central Library (CL)   06/16/2020 Allied Book Company   4 005.1 SOM CL-366 09/13/2025   06/16/2020 Book 5 10/13/2025 09/13/2025
          Central Library (CL) Central Library (CL)   06/16/2020 Allied Book Company   1 005.1 SOM CL-367 03/13/2026   06/16/2020 Book 1 07/11/2026 03/13/2026
          NUST Baluchistan Campus (NBC) NUST Baluchistan Campus (NBC) Book Cart 07/18/2019 Purchased 0.00   005.1 SOM Q-86 07/18/2019 5 07/18/2019 Book      
          NUST Baluchistan Campus (NBC) NUST Baluchistan Campus (NBC) Book Cart 07/18/2019 Purchased 0.00   005.1 SOM Q-87 07/18/2019 6 07/18/2019 Book      
          NUST Baluchistan Campus (NBC) NUST Baluchistan Campus (NBC) Book Cart 07/18/2019 Purchased 0.00   005.1 SOM Q-88 07/18/2019 7 07/18/2019 Book      
          NUST Baluchistan Campus (NBC) NUST Baluchistan Campus (NBC) Book Cart 07/18/2019 Purchased 0.00   005.1 SOM Q-89 07/18/2019 8 07/18/2019 Book      
          NUST Baluchistan Campus (NBC) NUST Baluchistan Campus (NBC) Book Cart 07/18/2019 Purchased 0.00   005.1 SOM Q-90 07/18/2019 9 07/18/2019 Book      
© 2023 Central Library, National University of Sciences and Technology. All Rights Reserved.